000
00300nam a2200133Ia 4500
005
20251222142015.0
008
251222s9999||||xx |||||||||||||| ||spa||
020
_a
978-84-08-10070-6
082
_a
288.8/M26
100
_a
Marx, Reinhard
245
0
_a
El Capital:
264
_b
Planeta
942
_c
LIB
999
_c
10467
_d
10467